| 000 | 00500cam a22002054a 4500 | ||
|---|---|---|---|
| 005 | 20250605164326.0 | ||
| 008 | 250528s ||||||||||||||||||||||||d | ||
| 035 | _a23041 | ||
| 020 | _a9780803978270 | ||
| 040 |
_aGR-AtMCL _bgre _dGR-AtMCL _eAACR2 |
||
| 245 | 1 | _aTHEORETICAL ISSUES IN PSYCHOLOGY | |
| 250 | _a1 | ||
| 260 |
_bSage Publications, _c1997 |
||
| 300 | _a194 | ||
| 700 | 1 |
_aBem Sasha _98616 |
|
| 700 | 1 |
_aDe Jong Huib Looren _9271 |
|
| 942 | _cBK | ||
| 999 |
_c8081 _d8081 |
||